<The> Role of banking institutions in the process of economic restructuralization (slovak banking in the light of japanese experiences) [dizertačná práca]

Gespeichert in:
Bibliographische Detailangaben
1. Verfasser: Boriščáková, Emília
Körperschaft: Ekonomická univerzita v Bratislave. Národohospodárska fakulta
Weitere Verfasser: Sobek, Otto
Format: Buch
Sprache:Englisch
Veröffentlicht: Bratislava 1993
Schlagworte:
Tags: Tag hinzufügen
Keine Tags, Fügen Sie das erste Tag hinzu!

MARC

LEADER 00000nam a2200000 4500
001 c117425
005 20221123104254.7
041 0 |a eng 
044 |a SK 
245 1 0 |a <The> Role of banking institutions in the process of economic restructuralization (slovak banking in the light of japanese experiences)  |b [dizertačná práca]  |c Emília Boriščáková ; škol. Otto Sobek 
264 1 |a Bratislava  |c 1993 
300 |a 113 s. 
610 2 0 |a ústavy finančné 
610 2 0 |a banky 
100 1 |a Boriščáková, Emília 
700 1 |a Sobek, Otto 
710 2 |a Ekonomická univerzita v Bratislave. Národohospodárska fakulta